| 000 | 01243cam a22002891i 4500 | ||
|---|---|---|---|
| 003 | SA-RiAUC | ||
| 005 | 20250712142702.0 | ||
| 008 | 250711s2004 ua g f000 0 ara c | ||
| 040 |
_aIQ-KaIHL _bara _cSA-RiAUC. _erda |
||
| 082 | 0 | 4 |
_a415 _qSA-RiAUC |
| 090 |
_a415 _bا ب ن د |
||
| 100 | 1 |
_aابن درستوية، عبد الله بن جعفر بن محمد، _d258-347 هجري _eمؤلف. |
|
| 245 | 1 | 0 |
_aتصحيح الفصيح وشرحه لابن درستوية / _cتأليف عبد الله بن جعفر بن درستوية ؛ تحقيق محمد بدوي المختون. |
| 250 | _aالطبعة الأولى. | ||
| 264 | 1 |
_aالقاهرة : _bوزارة الأوقاف، _c[2004] |
|
| 300 |
_a590صفحة ؛ _c30 سم |
||
| 336 |
_aنص _btxt _2rdacontent _3كتاب |
||
| 337 |
_aبدون وسيط _bn _2rdamedia |
||
| 338 |
_aمجلد _bnc _2rdacarrier |
||
| 650 | 7 |
_aاللغة العربية _xنحو _2aucsh |
|
| 650 | 7 |
_aاللغة العربية _xصرف _2aucsh |
|
| 700 | 1 |
_aالمختون، محمد بدوي _eمحقق. |
|
| 700 | 1 | 2 |
_aثعلب، أحمد بن يحيى بن زيد، _d200-291 هجري |
| 740 | 2 | 2 | _aالفصيح في اللغة. |
| 942 |
_2ddc _cBOOK _n0 |
||
| 949 |
_aSA-JeALM _d250711 _umohamedma123 _n1 |
||
| 999 |
_c9801 _d9801 |
||